[Event "Corbins Lleida Nadal op"]
[Site "Corbins"]
[Date "2023.12.27"]
[Round "1"]
[White "Carabantes Otal, Laia"]
[Black "Barbero Sendic, Alejandro"]
[Result "0-1"]
[WhiteElo "1614"]
[BlackElo "2328"]
[PlyCount "56"]
[EventDate "2023.12.27"]
[EventType "swiss"]
[EventRounds "8"]
[EventCountry "ESP"]
[SourceTitle "CB02_2024"]
[SourceDate "2024.01.10"]
[SourceVersion "1"]
[SourceVersionDate "2024.01.10"]
[SourceQuality "1"]

1. d4 e6 2. c4 d5 3. Nc3 Nf6 4. Bg5 Be7 5. Nf3 0-0 6. e3 h6 7. Bxf6 Bxf6 8. Bd3 c5 9. 0-0 cxd4 10. exd4 Nc6 11. cxd5 exd5 12. Be2 Be6 13. h3 Rc8 14. a3 Qd6 15. Bb5 Qf4 16. Ne2 Qd6 17. Rc1 Bf5 18. Ng3 Be4 19. Nxe4 dxe4 20. Nd2 Qxd4 21. b4 Rfd8 22. Bxc6 Rxc6 23. Nb3 Qb2 24. Rb1 Rxd1 25. Rxb2 Rxf1+ 26. Kxf1 Bxb2 27. Nc5 Rxc5 28. bxc5 Bxa3 0-1

[Event "Catalunya-chT Gp2"]
[Site "Barcelona"]
[Date "2023.02.11"]
[Round "4.2"]
[White "Barbero Sendic, Alejandro"]
[Black "Lazaro Pujol, Abel"]
[Result "0-1"]
[WhiteElo "2343"]
[BlackElo "2348"]
[PlyCount "122"]
[EventDate "2023.01.21"]
[EventType "team-tourn"]
[EventRounds "7"]
[EventCountry "ESP"]
[SourceTitle "CBM 213 Extra"]
[Source "ChessBase"]
[SourceDate "2023.05.31"]
[SourceVersion "1"]
[SourceVersionDate "2023.05.31"]
[SourceQuality "1"]
[WhiteTeam "Sant Andreu"]
[BlackTeam "Figueres"]
[WhiteTeamCountry "ESP"]
[BlackTeamCountry "ESP"]

1. e4 e5 2. Nf3 Nc6 3. Bc4 Bc5 4. d3 Nf6 5. Bg5 d6 6. c3 h6 7. Bh4 a6 8. Nbd2 Ba7 9. 0-0 g5 10. Bg3 0-0 11. a4 Nh7 12. Kh1 Qf6 13. Qc2 Ne7 14. d4 Ng6 15. Ne1 h5 16. f3 h4 17. Bf2 Nf4 18. Nd3 Nh5 19. Rae1 Kg7 20. Kg1 Rh8 21. Bb3 Nf8 22. dxe5 dxe5 23. Bxa7 Rxa7 24. Nc4 Ng6 25. Qf2 Ra8 26. Ne3 c6 27. Nf5+ Bxf5 28. exf5 Qxf5 29. Bc2 Qf6 30. Nc5 Qe7 31. Bxg6 Kxg6 32. Nd3 f6 33. Qb6 Qd8 34. Qe3 Qd5 35. Nb4 Qc4 36. a5 Rad8 37. Rd1 Nf4 38. Nc2 Qe2 39. Qxe2 Nxe2+ 40. Kf2 Nf4 41. b3 Rd5 42. Rxd5 cxd5 43. Nb4 Kf7 44. Rc1 Rd8 45. g3 hxg3+ 46. hxg3 Ne6 47. Rh1 Kg7 48. Rd1 d4 49. c4 Nc5 50. Rb1 f5 51. Nd5 e4 52. Ne7 Kf6 53. Nd5+ Kf7 54. fxe4 fxe4 55. b4 Nd3+ 56. Ke2 Rh8 57. Rf1+ Kg7 58. Ne7 Rh2+ 59. Kd1 e3 60. Nf5+ Kg6 61. Nxd4 Rd2# 0-1

[Event "Catalunya-chT Gp2"]
[Site "Barcelona"]
[Date "2023.01.21"]
[Round "?"]
[White "Barbero Sendic, Alejandro"]
[Black "Aloma Vidal, Roberto"]
[Result "1-0"]
[WhiteElo "2343"]
[BlackElo "2448"]
[PlyCount "103"]
[EventDate "2023.01.21"]
[EventType "team-tourn"]
[EventRounds "7"]
[EventCountry "ESP"]
[SourceTitle "CBM 212 Extra"]
[Source "ChessBase"]
[SourceDate "2023.03.31"]
[SourceVersion "1"]
[SourceVersionDate "2023.03.31"]
[SourceQuality "1"]
[WhiteTeam "Sant Andreu"]
[BlackTeam "Barcelona Escacs CC"]
[WhiteTeamCountry "ESP"]
[BlackTeamCountry "ESP"]

1. e4 c5 2. Nf3 Nc6 3. Bc4 Nf6 4. e5 d5 5. Bb5 Nd7 6. 0-0 e6 7. c4 Nb6 8. cxd5 Nxd5 9. d4 Bd7 10. Nc3 Nxc3 11. bxc3 cxd4 12. cxd4 Be7 13. Rb1 0-0 14. Bd3 Rb8 15. Qe1 g6 16. Bh6 Re8 17. Qd2 f5 18. exf6 Bxf6 19. Qf4 Nxd4 20. Nxd4 e5 21. Qg3 exd4 22. Bf4 Rc8 23. Rxb7 Rc3 24. Bd2 Be5 25. Qf3 Rc7 26. Rb3 Bc6 27. Qg4 Bd7 28. Qf3 Bc6 29. Qh3 Qd7 30. Qh4 Rb7 31. f4 Qd5 32. Qg3 Bd6 33. Rc1 Kg7 34. Bc4 Qf5 35. Qf2 Bc5 36. Bd3 Qd5 37. f5 Rf8 38. Qg3 Rxb3 39. axb3 Bd6 40. Qh3 Rxf5 41. Bxf5 gxf5 42. Qh6+ Kg8 43. Qg5+ Kf7 44. Rf1 Bd7 45. Qh5+ Kg8 46. Bh6 Be7 47. Rf3 Bf6 48. Rg3+ Kh8 49. Bg5 Be5 50. Qh6 Qf7 51. Bf4 Bf6 52. Rg6 1-0

[Event "Titled Tuesday intern op 25th Oct Late"]
[Site "Chess.com INT"]
[Date "2022.10.25"]
[Round "2"]
[White "Barbero Sendic, Alejandro"]
[Black "Makarian, Rudik"]
[Result "0-1"]
[WhiteElo "2343"]
[BlackElo "2505"]
[PlyCount "66"]
[EventDate "2022.10.25"]
[EventType "swiss (blitz)"]
[EventRounds "11"]
[EventCountry "USA"]
[SourceTitle "EXT 2024"]
[Source "ChessBase"]
[SourceDate "2023.10.10"]
[SourceVersion "1"]
[SourceVersionDate "2023.10.10"]
[SourceQuality "1"]

1. d4 Nf6 2. Nc3 g6 3. e4 d6 4. Nf3 a6 5. a4 Bg7 6. Bd3 Bg4 7. h3 Bxf3 8. Qxf3 Nc6 9. Ne2 0-0 10. c3 e5 11. d5 Ne7 12. 0-0 c6 13. c4 b5 14. dxc6 b4 15. Be3 Nxc6 16. c5 d5 17. exd5 Qxd5 18. Qxd5 Nxd5 19. Be4 Nxe3 20. Bxc6 Nxf1 21. Bxa8 Rxa8 22. Kxf1 e4 23. c6 Rc8 24. Rc1 Bxb2 25. Rc4 b3 26. Rxe4 Bf6 27. Rb4 b2 28. Ke1 Rxc6 29. Kd2 Kg7 30. g3 Rc4 31. Rb3 Rxa4 32. Nc3 Ra1 33. Rxb2 Ra3 0-1

[Event "Titled Tuesday intern op 25th Oct Late"]
[Site "Chess.com INT"]
[Date "2022.10.25"]
[Round "1"]
[White "Barbero Sendic, Alejandro"]
[Black "Papasimakopoulos, Alexandros"]
[Result "1-0"]
[WhiteElo "2343"]
[BlackElo "2312"]
[PlyCount "119"]
[EventDate "2022.10.25"]
[EventType "swiss (blitz)"]
[EventRounds "11"]
[EventCountry "USA"]
[SourceTitle "EXT 2024"]
[Source "ChessBase"]
[SourceDate "2023.10.10"]
[SourceVersion "1"]
[SourceVersionDate "2023.10.10"]
[SourceQuality "1"]

1. d4 Nf6 2. Nc3 d5 3. Bf4 Bf5 4. e3 e6 5. Bd3 Bb4 6. Bxf5 Bxc3+ 7. bxc3 exf5 8. Rb1 b6 9. Qd3 g6 10. Nf3 0-0 11. Ne5 Ne4 12. c4 f6 13. Nf3 Nc6 14. 0-0 Ne7 15. Nd2 Nxd2 16. Qxd2 dxc4 17. Qb4 Nd5 18. Qxc4 Kg7 19. Bg3 h5 20. Rb5 Ne7 21. Bxc7 Qd7 22. d5 a6 23. Rxb6 Nxd5 24. Rd6 Qxc7 25. Qxd5 Rad8 26. Rxd8 Rxd8 27. Qb3 Rd2 28. c4 h4 29. h3 Qd6 30. a4 g5 31. Qb7+ Kg6 32. Qc8 Kg7 33. c5 Qd7 34. Qxa6 Rd1 35. Rxd1 Qxd1+ 36. Kh2 Qc2 37. Qb7+ Kg6 38. Qc8 Kg7 39. Qd7+ Kf8 40. Qd8+ Kf7 41. Qd7+ Kf8 42. Qd6+ Kg7 43. Qd5 Qxf2 44. c6 g4 45. hxg4 fxg4 46. Qd7+ Kf8 47. Qxg4 Qxe3 48. Qc8+ Kg7 49. Qd7+ Kh6 50. Qg4 Qe5+ 51. Kh3 Qc3+ 52. Kxh4 Qxc6 53. Qf4+ Kg7 54. Kh3 Qc8+ 55. Qg4+ Qxg4+ 56. Kxg4 Kf7 57. a5 Ke6 58. a6 f5+ 59. Kf4 Kd6 60. a7 1-0

[Event "Titled Tuesday intern op 25th Oct Late"]
[Site "Chess.com INT"]
[Date "2022.10.25"]
[Round "9"]
[White "Hambleton, Aman"]
[Black "Barbero Sendic, Alejandro"]
[Result "1/2-1/2"]
[WhiteElo "2437"]
[BlackElo "2343"]
[PlyCount "227"]
[EventDate "2022.10.25"]
[EventType "swiss (blitz)"]
[EventRounds "11"]
[EventCountry "USA"]
[SourceTitle "EXT 2024"]
[Source "ChessBase"]
[SourceDate "2023.10.10"]
[SourceVersion "1"]
[SourceVersionDate "2023.10.10"]
[SourceQuality "1"]

1. d4 d5 2. Bf4 e6 3. e3 Bd6 4. Nf3 Nf6 5. Nbd2 0-0 6. Bd3 b6 7. Qe2 c5 8. c3 cxd4 9. Bxd6 Qxd6 10. exd4 a5 11. 0-0 Ba6 12. Bxa6 Nxa6 13. Ne5 Nb8 14. Rfe1 Nbd7 15. a4 Rac8 16. Qb5 Qc7 17. h3 Nxe5 18. Rxe5 Ne8 19. Qd3 Nd6 20. Re2 Qc6 21. Nf3 Nc4 22. Ne5 Nxe5 23. Rxe5 Rb8 24. f4 b5 25. axb5 Rxb5 26. Ra2 g6 27. Re2 Rfb8 28. Kf2 R8b6 29. g4 Qb7 30. Qd2 Qc7 31. Qc1 Qc4 32. Qa1 Qc7 33. Rxa5 Qxf4+ 34. Kg2 Kg7 35. Rxb5 Rxb5 36. Qf1 Qg5 37. Rf2 Rb7 38. Qd3 h5 39. Qg3 hxg4 40. Qxg4 Qe3 41. h4 Qc1 42. Qf3 Kg8 43. Qe2 Kg7 44. Kg3 Kg8 45. Kh3 Qh1+ 46. Kg3 Qg1+ 47. Rg2 Qc1 48. Kh2 Qh6 49. Qg4 Kh7 50. Kg3 Rb8 51. Qf4 Rh8 52. Qxh6+ Kxh6 53. b4 Rc8 54. Rc2 Kg7 55. Kf4 Kf8 56. Ke3 Ke7 57. Kd3 Kd6 58. Rh2 Rb8 59. h5 gxh5 60. Rxh5 Ra8 61. Rh7 Ke7 62. Rh1 f5 63. Rh7+ Kd6 64. Kc2 Ra2+ 65. Kb3 Ra1 66. Rf7 Rf1 67. Kc2 f4 68. b5 f3 69. b6 Rh1 70. b7 Rh8 71. Rxf3 Rb8 72. Rf7 Kc6 73. Re7 Kd6 74. Rh7 Kc6 75. Kd3 Rxb7 76. Rxb7 Kxb7 77. Ke3 Kc7 78. Kf4 Kd6 79. Kg5 Ke7 80. Kg6 Kd7 81. Kf7 Kd6 82. Kf6 Kd7 83. Kf7 Kd6 84. Kg6 e5 85. Kf5 exd4 86. cxd4 Kd7 87. Ke5 Ke7 88. Kf5 Kf7 89. Kg5 Kg7 90. Kf5 Kf7 91. Ke5 Ke7 92. Kxd5 Kd7 93. Kc5 Kc7 94. Kd5 Kd7 95. Ke4 Ke6 96. Kd3 Kd5 97. Kc3 Kd6 98. Kd3 Kd5 99. Ke3 Kd6 100. Ke4 Ke6 101. d5+ Kd6 102. Kd4 Kd7 103. Kc4 Kd6 104. Kd4 Kd7 105. Ke5 Ke7 106. d6+ Kd7 107. Kd5 Kd8 108. Ke5 Kd7 109. Kd5 Kd8 110. Kd4 Kd7 111. Kc5 Kd8 112. Kc6 Kc8 113. Kc5 Kd7 114. Kd5 1/2-1/2

[Event "Titled Tuesday intern op 25th Oct Late"]
[Site "Chess.com INT"]
[Date "2022.10.25"]
[Round "3"]
[White "Yuan, Qingyu"]
[Black "Barbero Sendic, Alejandro"]
[Result "1-0"]
[WhiteElo "2373"]
[BlackElo "2343"]
[PlyCount "87"]
[EventDate "2022.10.25"]
[EventType "swiss (blitz)"]
[EventRounds "11"]
[EventCountry "USA"]
[SourceTitle "EXT 2024"]
[Source "ChessBase"]
[SourceDate "2023.10.10"]
[SourceVersion "1"]
[SourceVersionDate "2023.10.10"]
[SourceQuality "1"]

1. d4 g6 2. e4 Bg7 3. Nf3 d6 4. h3 Nf6 5. Bd3 Nc6 6. c3 e5 7. 0-0 exd4 8. cxd4 0-0 9. Nc3 Re8 10. Re1 Nh5 11. Bg5 Bf6 12. Be3 Bg7 13. Rc1 Nb4 14. Bb1 c6 15. a3 Na6 16. Bg5 Qb6 17. Qd2 Bd7 18. b4 Nc7 19. Bd3 a6 20. Bf1 Nb5 21. g4 Nf6 22. Qf4 Nxc3 23. Rxc3 Qd8 24. Qxd6 h6 25. Bxf6 Bxf6 26. Qf4 Bg7 27. e5 a5 28. Bc4 Be6 29. Bxe6 Rxe6 30. Kg2 axb4 31. axb4 Ra4 32. Rb3 Qd5 33. Qe3 f5 34. gxf5 gxf5 35. Kh2 f4 36. Qd3 Ra2 37. Rf1 b5 38. Ra3 Rxa3 39. Qxa3 Rg6 40. Qd3 Kf7 41. Nh4 Rg5 42. Nf3 Rg6 43. Qf5+ Bf6 44. Nh4 1-0

[Event "Barcelona Sants op-A 23rd"]
[Site "Barcelona"]
[Date "2022.08.21"]
[Round "3"]
[White "Cordova, Emilio"]
[Black "Barbero Sendic, Alejandro"]
[Result "1/2-1/2"]
[WhiteElo "2533"]
[BlackElo "2320"]
[PlyCount "108"]
[EventDate "2022.08.19"]
[EventType "swiss"]
[EventRounds "10"]
[EventCountry "ESP"]
[SourceTitle "CBM 209 Extra"]
[Source "ChessBase"]
[SourceDate "2022.09.30"]
[SourceVersion "1"]
[SourceVersionDate "2022.09.30"]
[SourceQuality "1"]

1. Nf3 d5 2. g3 Bg4 3. Bg2 e6 4. 0-0 Nf6 5. d3 Be7 6. Nbd2 0-0 7. h3 Bh5 8. g4 Bg6 9. Ne5 Nbd7 10. Nxg6 hxg6 11. e3 c6 12. h4 e5 13. g5 Nh5 14. Bf3 Nc5 15. Bxh5 gxh5 16. Qxh5 Qd7 17. f3 g6 18. Qg4 f6 19. Qxd7 Nxd7 20. f4 exf4 21. exf4 Bc5+ 22. Kh1 Rae8 23. Nb3 fxg5 24. hxg5 Re2 25. d4 Bd6 26. Bd2 Kf7 27. Kg1 Rfe8 28. Rad1 Nb6 29. Nc1 R2e4 30. c3 c5 31. Nd3 cxd4 32. cxd4 Nc4 33. Bc1 Ke6 34. Nf2 Re2 35. Ng4 Kf7 36. b3 Na5 37. Ne5+ Bxe5 38. fxe5+ Kg7 39. Rd2 Rxd2 40. Bxd2 Nc6 41. Be3 Rf8 42. Rc1 Rc8 43. Rc5 Ne7 44. Rb5 b6 45. a4 Kf7 46. a5 Rc6 47. Kf2 Ke6 48. Ke2 Nf5 49. Kd3 Ng3 50. Bd2 Ne4 51. Rb4 Nf2+ 52. Ke3 Ne4 53. Kd3 Nf2+ 54. Ke3 Ne4 1/2-1/2

[Event "La Pobla de Lillet op-A"]
[Site "La Pobla de Lillet"]
[Date "2022.08.07"]
[Round "6"]
[White "Jolly, Jean Francois"]
[Black "Barbero Sendic, Alejandro"]
[Result "0-1"]
[WhiteElo "2388"]
[BlackElo "2320"]
[PlyCount "122"]
[EventDate "2022.08.02"]
[EventType "swiss"]
[EventRounds "9"]
[EventCountry "ESP"]
[SourceTitle "CBM 209 Extra"]
[Source "ChessBase"]
[SourceDate "2022.09.30"]
[SourceVersion "1"]
[SourceVersionDate "2022.09.30"]
[SourceQuality "1"]

1. e4 e5 2. Nf3 Nc6 3. Bb5 a6 4. Ba4 Bc5 5. c3 Nge7 6. 0-0 Ng6 7. d4 Ba7 8. Bg5 f6 9. Be3 0-0 10. d5 Nce7 11. d6 cxd6 12. Bxa7 Rxa7 13. Qxd6 b5 14. Bb3+ Kh8 15. a4 Rb7 16. Na3 Rb6 17. Qd2 Bb7 18. Rfe1 d5 19. Rad1 Nf4 20. exd5 Qc8 21. h3 Nexd5 22. a5 Rd6 23. c4 bxc4 24. Nxc4 Rdd8 25. Ne3 Nxh3+ 26. Kf1 Nxe3+ 27. Qxe3 Nf4 28. Rxd8 Rxd8 29. Rd1 Re8 30. Ne1 Qc6 31. Qb6 Qc8 32. Rd2 Bxg2+ 33. Nxg2 Qh3 34. f3 Qxf3+ 35. Kg1 Ne2+ 36. Rxe2 Qxe2 37. Qc6 Rd8 38. Bc2 Qd2 39. Qc7 h5 40. Bg6 Qd1+ 41. Kh2 Qd6 42. Qxd6 Rxd6 43. Ne3 Rd2+ 44. Kg3 Rxb2 45. Nf5 Rb5 46. Ne7 Rxa5 47. Kh4 Ra1 48. Kxh5 Rh1+ 49. Kg4 a5 50. Bc2 g5 51. Kf5 Kg7 52. Ke6 Rf1 53. Nf5+ Kf8 54. Kxf6 g4 55. Kxe5 Rc1 56. Nd4 g3 57. Be4 a4 58. Kf4 Rf1+ 59. Kxg3 a3 60. Nc2 a2 61. Kg4 Rc1 0-1

[Event "Titled Tuesday intern op 29th Mar Late"]
[Site "Chess.com INT"]
[Date "2022.03.29"]
[Round "5"]
[White "Barbero Sendic, Alejandro"]
[Black "Fernandez Siles, Luis"]
[Result "0-1"]
[WhiteElo "2320"]
[BlackElo "2229"]
[PlyCount "50"]
[EventDate "2022.03.29"]
[EventType "swiss (blitz)"]
[EventRounds "11"]
[EventCountry "USA"]
[SourceTitle "CBM 207 Extra"]
[Source "ChessBase"]
[SourceDate "2022.05.31"]
[SourceVersion "1"]
[SourceVersionDate "2022.05.31"]
[SourceQuality "1"]

1. d4 Nf6 2. Nc3 d5 3. Bf4 c5 4. e4 Nxe4 5. Nxe4 dxe4 6. dxc5 Qa5+ 7. Qd2 Qxc5 8. 0-0-0 Nc6 9. Ne2 e5 10. Be3 Qa5 11. Qxa5 Nxa5 12. Nc3 Bg4 13. Bb5+ Nc6 14. Rd5 f6 15. Nxe4 Be6 16. Rd2 Be7 17. Nd6+ Bxd6 18. Rxd6 Bd7 19. Rhd1 a6 20. Bc4 Bf5 21. g4 Bxg4 22. Rg1 h5 23. f3 Bxf3 24. Rxg7 Rd8 25. Rxf6 Rd1# 0-1

[Event "Catalunya-chT Gp1"]
[Site "Barcelona"]
[Date "2022.01.22"]
[Round "1.2"]
[White "Alvarez Albiol, Victor"]
[Black "Barbero Sendic, Alejandro"]
[Result "1/2-1/2"]
[WhiteElo "2247"]
[BlackElo "2320"]
[PlyCount "46"]
[EventDate "2022.01.22"]
[EventType "team-tourn"]
[EventRounds "9"]
[EventCountry "ESP"]
[SourceTitle "CBM 206 Extra"]
[Source "ChessBase"]
[SourceDate "2022.03.31"]
[SourceVersion "1"]
[SourceVersionDate "2022.03.31"]
[SourceQuality "1"]
[WhiteTeam "Foment Martinenc"]
[BlackTeam "Sant Andreu"]
[WhiteTeamCountry "ESP"]
[BlackTeamCountry "ESP"]

1. e4 e6 2. d4 d5 3. Nd2 c5 4. Ngf3 cxd4 5. exd5 Qxd5 6. Bc4 Qd7 7. 0-0 Nc6 8. Nb3 Nf6 9. Nbxd4 Nxd4 10. Nxd4 a6 11. Re1 Bc5 12. Be3 Qc7 13. Bb3 0-0 14. Qf3 Bd6 15. Qh3 e5 16. Nf5 e4 17. Bd4 Be5 18. c3 Bxd4 19. cxd4 Qd7 20. Ng3 Qxd4 21. Qh4 Qxb2 22. Nxe4 Nxe4 23. Qxe4 Rb8 1/2-1/2

[Event "Barcelona Ciutat op"]
[Site "Barcelona"]
[Date "2021.08.20"]
[Round "3"]
[White "Fier, Alexandr"]
[Black "Barbero Sendic, Alejandro"]
[Result "1-0"]
[WhiteElo "2558"]
[BlackElo "2322"]
[PlyCount "51"]
[EventDate "2021.08.18"]
[EventType "swiss"]
[EventRounds "9"]
[EventCountry "ESP"]
[SourceTitle "CBM 204 Extra"]
[Source "ChessBase"]
[SourceDate "2021.11.30"]
[SourceVersion "1"]
[SourceVersionDate "2021.11.30"]
[SourceQuality "1"]

1. e4 e5 2. Nf3 Nc6 3. Bc4 Nf6 4. d3 Bc5 5. c3 d6 6. Bg5 h6 7. Bh4 a6 8. a4 Ba7 9. Nbd2 Qe7 10. b4 g5 11. Bg3 Nd8 12. 0-0 Ne6 13. d4 Nf4 14. Re1 0-0 15. Bf1 Nh7 16. Nc4 f6 17. Ne3 Kh8 18. Bxf4 exf4 19. Nf5 Qf7 20. Nxh6 Qh5 21. Nf5 g4 22. N3h4 Ng5 23. Ne7 Rf7 24. Nhg6+ Kg7 25. Nxf4 Qh6 26. Nxc8 1-0

[Event "Titled Tuesday intern op 25th May"]
[Site "Chess.com INT"]
[Date "2021.05.25"]
[Round "9"]
[White "Barbero Sendic, Alejandro"]
[Black "Kalajzic, Ivan"]
[Result "1/2-1/2"]
[WhiteElo "2322"]
[BlackElo "2112"]
[PlyCount "134"]
[EventDate "2021.05.25"]
[EventType "swiss (blitz)"]
[EventRounds "11"]
[EventCountry "USA"]
[SourceTitle "CBM 203 Extra"]
[Source "ChessBase"]
[SourceDate "2021.09.30"]
[SourceVersion "1"]
[SourceVersionDate "2021.09.30"]
[SourceQuality "1"]

1. d4 Nc6 2. Nc3 e5 3. dxe5 Nxe5 4. Bf4 Ng6 5. Bg3 Nf6 6. e4 Bb4 7. e5 Ne4 8. Qd4 Nxg3 9. hxg3 Qe7 10. Nf3 Qc5 11. Qxc5 Bxc5 12. Nd5 Bb6 13. a4 c6 14. a5 Bd8 15. Nc3 0-0 16. Bd3 Re8 17. 0-0-0 Bxa5 18. Ne4 Bc7 19. Nd6 Bxd6 20. exd6 b6 21. Rhe1 Bb7 22. Bc4 h6 23. Nd4 Kf8 24. Bd3 Rxe1 25. Rxe1 Re8 26. Rd1 Ne5 27. Bf5 g6 28. Bh3 f5 29. f3 a6 30. b3 c5 31. Ne2 Nxf3 32. Nf4 Ne5 33. Re1 Be4 34. Kd2 Kf7 35. Ne2 Re6 36. Nc3 Rxd6+ 37. Kc1 Rd4 38. g4 Kf6 39. gxf5 gxf5 40. g4 d5 41. gxf5 Bxf5 42. Rf1 Ng4 43. Bxg4 Rxg4 44. Nxd5+ Kg5 45. Nxb6 h5 46. Nc4 h4 47. Ne3 Rf4 48. Rg1+ Kf6 49. Nd5+ Ke5 50. Nxf4 Kxf4 51. Kd2 h3 52. Rf1+ Kg4 53. Ke3 h2 54. Rh1 Kg3 55. c4 Bd7 56. Rc1 Bc6 57. Kd3 h1Q 58. Rxh1 Bxh1 59. Kc3 a5 60. Kb2 Kf4 61. Ka3 Ke5 62. Ka4 Kd4 63. Kxa5 Bc6 64. b4 cxb4 65. Kxb4 Be4 66. Kb5 Bd3 67. Kb4 Bxc4 1/2-1/2

[Event "Titled Tuesday intern op 25th May"]
[Site "Chess.com INT"]
[Date "2021.05.25"]
[Round "7"]
[White "Barbero Sendic, Alejandro"]
[Black "Lamaze, Simon"]
[Result "0-1"]
[WhiteElo "2322"]
[BlackElo "2203"]
[PlyCount "88"]
[EventDate "2021.05.25"]
[EventType "swiss (blitz)"]
[EventRounds "11"]
[EventCountry "USA"]
[SourceTitle "CBM 203 Extra"]
[Source "ChessBase"]
[SourceDate "2021.09.30"]
[SourceVersion "1"]
[SourceVersionDate "2021.09.30"]
[SourceQuality "1"]

1. d4 Nf6 2. Nc3 d5 3. Bf4 Bg4 4. f3 Bf5 5. g4 Bg6 6. h4 h5 7. g5 Nfd7 8. e3 e6 9. Bd3 Bd6 10. Bxd6 cxd6 11. Bxg6 fxg6 12. Qd3 Kf7 13. 0-0-0 Nc6 14. e4 Nb4 15. Qe3 Rf8 16. Nge2 Kg8 17. Nf4 Qe8 18. exd5 exd5 19. Qxe8 Raxe8 20. Nxg6 Rxf3 21. Rhe1 Rxe1 22. Rxe1 Nb6 23. Re8+ Kh7 24. Nf8+ Kg8 25. Ne6+ Kh7 26. a3 Nc6 27. Nf8+ Kg8 28. Nd7+ Kh7 29. Nxb6 axb6 30. Nxd5 Nxd4 31. c3 Rf1+ 32. Kd2 Nf3+ 33. Kc2 Nxh4 34. Re6 Nf5 35. g6+ Kh6 36. Nxb6 h4 37. Re2 Kg5 38. Nd5 h3 39. Kd2 Rg1 40. Kd3 Rg2 41. Re1 h2 42. Rh1 Ng3 43. Ne3 Rxb2 44. Nc4 Nxh1 0-1

[Event "Titled Tuesday intern op 25th May"]
[Site "Chess.com INT"]
[Date "2021.05.25"]
[Round "2"]
[White "Barbero Sendic, Alejandro"]
[Black "Laxman, Rajaram"]
[Result "0-1"]
[WhiteElo "2322"]
[BlackElo "2411"]
[PlyCount "76"]
[EventDate "2021.05.25"]
[EventType "swiss (blitz)"]
[EventRounds "11"]
[EventCountry "USA"]
[SourceTitle "CBM 203 Extra"]
[Source "ChessBase"]
[SourceDate "2021.09.30"]
[SourceVersion "1"]
[SourceVersionDate "2021.09.30"]
[SourceQuality "1"]

1. d4 Nf6 2. Nc3 e6 3. Bf4 Bb4 4. e3 Nd5 5. Nge2 Nxf4 6. exf4 0-0 7. g3 d5 8. Bg2 c5 9. 0-0 Nc6 10. dxc5 Bxc5 11. f5 d4 12. Ne4 Be7 13. fxe6 Bxe6 14. c3 Bc4 15. cxd4 Bxe2 16. Qxe2 Qxd4 17. Rfd1 Qb6 18. Nc3 Bf6 19. Rac1 Rfe8 20. Qg4 Bxc3 21. bxc3 Ne5 22. Qe4 Qb2 23. Qxb7 Qxa2 24. Bd5 Qe2 25. f4 Rab8 26. Qxa7 Rb2 27. fxe5 Qxh2+ 28. Kf1 Kh8 29. Qxf7 Qh3+ 30. Kg1 Qxg3+ 31. Kf1 Qh3+ 32. Kg1 Qe3+ 33. Kf1 Qe2+ 34. Kg1 Qh2+ 35. Kf1 Rd8 36. Qf3 h6 37. e6 Qe5 38. Qe4 Rf8+ 0-1

[Event "Titled Tuesday intern op 25th May"]
[Site "Chess.com INT"]
[Date "2021.05.25"]
[Round "4"]
[White "Barbero Sendic, Alejandro"]
[Black "Molina, Roberto Junio Brito"]
[Result "0-1"]
[WhiteElo "2322"]
[BlackElo "2434"]
[PlyCount "84"]
[EventDate "2021.05.25"]
[EventType "swiss (blitz)"]
[EventRounds "11"]
[EventCountry "USA"]
[SourceTitle "CBM 203 Extra"]
[Source "ChessBase"]
[SourceDate "2021.09.30"]
[SourceVersion "1"]
[SourceVersionDate "2021.09.30"]
[SourceQuality "1"]

1. d4 d5 2. Nc3 Nf6 3. Bf4 c5 4. e3 cxd4 5. exd4 a6 6. Nf3 Bg4 7. h3 Bxf3 8. Qxf3 Nc6 9. 0-0-0 e6 10. g4 Bd6 11. g5 Bxf4+ 12. Qxf4 Nd7 13. h4 Qb8 14. Qg4 Qd6 15. Bg2 0-0-0 16. f4 g6 17. h5 Kb8 18. hxg6 hxg6 19. Rh6 Rhe8 20. Rh7 Re7 21. Ne2 Nb6 22. Qf3 Rc7 23. Kb1 Nc4 24. c3 Ka7 25. Nc1 N6a5 26. Nd3 Qb6 27. Ka1 Rdd7 28. Qe2 Re7 29. Rdh1 Qb5 30. Ne5 Qa4 31. Nxc4 Qxc4 32. Qxc4 Nxc4 33. Rh8 b5 34. a3 a5 35. Rf8 b4 36. axb4 axb4 37. Rhh8 bxc3 38. bxc3 Rb7 39. Ra8+ Kb6 40. Kb1 Rec7 41. Bf1 Kc6+ 42. Kc1 Nd6 0-1

[Event "Titled Tuesday intern op 25th May"]
[Site "Chess.com INT"]
[Date "2021.05.25"]
[Round "5"]
[White "Mohota, Nisha"]
[Black "Barbero Sendic, Alejandro"]
[Result "0-1"]
[WhiteElo "2195"]
[BlackElo "2322"]
[PlyCount "90"]
[EventDate "2021.05.25"]
[EventType "swiss (blitz)"]
[EventRounds "11"]
[EventCountry "USA"]
[SourceTitle "CBM 203 Extra"]
[Source "ChessBase"]
[SourceDate "2021.09.30"]
[SourceVersion "1"]
[SourceVersionDate "2021.09.30"]
[SourceQuality "1"]

1. b3 e6 2. Bb2 d5 3. e3 Nf6 4. f4 Be7 5. Nf3 0-0 6. Bd3 Ne4 7. 0-0 Bf6 8. Ne5 Nd7 9. Qe1 Bh4 10. Qe2 f5 11. c4 c6 12. Bc2 Bf6 13. d3 Nd6 14. Nd2 Nf7 15. Ndf3 Nfxe5 16. fxe5 Be7 17. e4 dxe4 18. dxe4 f4 19. Kh1 Qc7 20. Rad1 Nc5 21. b4 Na6 22. a3 Bd7 23. c5 Rad8 24. Bb3 Kh8 25. Rd6 Bc8 26. Bxe6 Bxe6 27. Rxe6 Qd7 28. Rd6 Bxd6 29. exd6 Qe6 30. e5 Nb8 31. Nd4 Qg6 32. e6 Rde8 33. Qd2 Rxe6 34. Nxe6 Qxe6 35. h3 f3 36. g4 Nd7 37. Qc3 Nf6 38. Qxf3 h6 39. Qg2 Rd8 40. Rf2 Ne4 41. Rc2 Qd5 42. Kh2 Rf8 43. Re2 Nf6 44. Qxd5 Nxd5 45. Rd2 Ne3 0-1

[Event "Titled Tuesday intern op 18th May"]
[Site "Chess.com INT"]
[Date "2021.05.18"]
[Round "8"]
[White "Barbero Sendic, Alejandro"]
[Black "Vukovic, Zdravko"]
[Result "1-0"]
[WhiteElo "2322"]
[BlackElo "2406"]
[PlyCount "77"]
[EventDate "2021.05.18"]
[EventType "swiss (blitz)"]
[EventRounds "11"]
[EventCountry "USA"]
[SourceTitle "CBM 202 Extra"]
[Source "ChessBase"]
[SourceDate "2021.07.31"]
[SourceVersion "1"]
[SourceVersionDate "2021.07.31"]
[SourceQuality "1"]

1. d4 d5 2. Nc3 e6 3. Bf4 Bd6 4. e3 Nf6 5. Nf3 c5 6. dxc5 Bxc5 7. Nb5 Na6 8. c3 0-0 9. Bd3 Bd7 10. 0-0 Bxb5 11. Bxb5 Bd6 12. Bg5 Nc5 13. Qe2 a6 14. Bd3 Nxd3 15. Qxd3 Be7 16. Rad1 Ne4 17. Bxe7 Qxe7 18. c4 Nc5 19. Qc2 dxc4 20. Qxc4 Rac8 21. Rc1 b5 22. Qc3 Qb7 23. Ne5 h6 24. Rfd1 Na4 25. Qb4 Rxc1 26. Rxc1 Qd5 27. Nc6 Qxa2 28. b3 Nb6 29. Ne7+ Kh7 30. Nd5 Nxd5 31. Qxf8 Qb2 32. Rf1 Kg6 33. h4 h5 34. Qd8 f6 35. Qe8+ Kh7 36. Qxh5+ Kg8 37. Qe8+ Kh7 38. Qxe6 Qxb3 39. e4 1-0